|
003 -Nazwa inst., której nr kontr. jest w polu 001 [,]
|
-
- @
- Nazwa instytucji, której n kontrolny jest w polu 001
- NUKAT
|
|
005 -DATA I CZAS OSTATNIEJ MODYFIKACJI [,]
|
-
- @
- pole kontrolne
- 20241231104703.0
|
|
020 -Międzynarod. znormalizowany nr książki - ISBN [ , ]
|
-
- a
- Numer ISBN
- 8386818980
|
|
040 -Instytucja sporządzająca opis [ , ]
|
-
- a
- Instytucja, która sporządziła opis (NP)
- TOR U/PDJR
-
- c
- Instytucja, która sporządziła rekord (NP)
- TOR U/PDJR
-
- d
- Instytucja, która zmodyfikowała rekord (P)
- TOR U/AP
-
- d
- Instytucja, która zmodyfikowała rekord (P)
- Ł U/MSs
-
- d
- Instytucja, która zmodyfikowała rekord (P)
- WR O/KS
|
|
041 -Język dokumentu [1, ]
|
-
- a
- Język tekstu (P)
- polski
-
- a
- Język tekstu (P)
- niemiecki
-
- h
- Język tekstu oryginalnego i/lub pośredniego (P)
- polski
-
- h
- Język tekstu oryginalnego i/lub pośredniego (P)
- niemiecki
|
|
942 -Rodzaj dokumentu [ , ]
|
-
- c
- Rodzaj dokumentu
- Książka
|
|
500 -Uwaga ogólna [ , ]
|
-
- a
- Uwaga ogólna (NP)
- Materiały z czwartego sympozjum na temat: Pedagogika wobec współczesnych wyzwań, Szczecin, 1997.
|
|
501 -Uwaga dot. prac współwydanych [ , ]
|
-
- a
- Uwaga dot. prac współwydanych
- Współwyd. w kierunku przeciwnym: Pädagogik im Zeitalter des Wandels / [wissenschaftliche Red.: Franciszek Bereźnicki, Aleksander Bielawiec ; Übers.: Iwona Lewandowska, Jerzy Kałążny, Jerzy Materne].
|
|
504 -Uwaga dot. bibliogr. załącznikowej [ , ]
|
-
- a
- Uwaga dot. bibliografii załącznikowej
- Bibliogr. przy rozdz.
|
|
546 -Uwaga dot. języka [ , ]
|
-
- a
- Uwaga dot. języka
- Art. w jęz. pol., niem., tł. pol., niem.
|
|
080 -Uniwersalna Klasyfikacja Dziesiętna [ , ]
|
-
- a
- Symbol klasyfikacji
- 37.01(061)=30=84
|
|
080 -Uniwersalna Klasyfikacja Dziesiętna [ , ]
|
-
- a
- Symbol klasyfikacji
- :371.3(061)=30=84
|
|
080 -Uniwersalna Klasyfikacja Dziesiętna [ , ]
|
-
- a
- Symbol klasyfikacji
- :378.1(061)=30=84
|
|
080 -Uniwersalna Klasyfikacja Dziesiętna [ , ]
|
-
- a
- Symbol klasyfikacji
- :372.3(061)=30=84
|
|
650 -Hasło przedmiotowe [ ,7]
|
-
- a
- Hasło przedmiotowe
- Edukacja
-
- z
- Określnik geograficzny
- Polska
-
- y
- Określnik chronologiczny
- 1990-
-
- v
- Określnik formalny
- konferencje.
-
-
|
|
650 -Hasło przedmiotowe [ ,7]
|
-
- a
- Hasło przedmiotowe
- Nauczanie
-
- x
- Określnik rzeczowy
- innowacje
-
- z
- Określnik geograficzny
- Polska
-
- y
- Określnik chronologiczny
- 1990-
-
- v
- Określnik formalny
- konferencje.
-
-
|
|
650 -Hasło przedmiotowe [ ,7]
|
-
- a
- Hasło przedmiotowe
- Pedagogika
-
- z
- Określnik geograficzny
- Polska
-
- y
- Określnik chronologiczny
- 1990-
-
- v
- Określnik formalny
- konferencje.
-
-
|
|
980 -Symbol UKD [ , ]
|
-
- a
- UKD
- 37.01:371.3:378.1:372.3](061)=30=84
|
|
700 -Hasło dodatkowe - nazwa osobowa [1, ]
|
-
- a
- Nazwa osobowa (NP)
- Bereźnicki, Franciszek
-
- d
- Daty biograficzne (NP)
- (1937- ).
-
- e
- Określenie rodzaju współpracy
- Red.
-
|
|
700 -Hasło dodatkowe - nazwa osobowa [1, ]
|
-
- a
- Nazwa osobowa (NP)
- Bielawiec, Aleksander.
-
- e
- Określenie rodzaju współpracy
- Red.
-
|
|
700 -Hasło dodatkowe - nazwa osobowa [1, ]
|
-
- a
- Nazwa osobowa (NP)
- Lewandowska, Iwona.
-
- e
- Określenie rodzaju współpracy
- Tł.
-
|
|
700 -Hasło dodatkowe - nazwa osobowa [1, ]
|
-
- a
- Nazwa osobowa (NP)
- Kałążny, Jerzy
-
- d
- Daty biograficzne (NP)
- (1956- ).
-
- e
- Określenie rodzaju współpracy
- Tł.
-
|
|
700 -Hasło dodatkowe - nazwa osobowa [1, ]
|
-
- a
- Nazwa osobowa (NP)
- Materne, Jerzy
-
- d
- Daty biograficzne (NP)
- (1937-2006).
-
- e
- Określenie rodzaju współpracy
- Tł.
-
|
|
740 -Hasło dodatkowe - tytuł [0,2]
|
-
- a
- Tytuł
- Pädagogik im Zeitalter des Wandels
|